00298nam a22001097a 4500008004100000020002200041082001000063100001800073245005500091260002500146300001700171230406b |||||||| |||| 00| 0 eng d a978-0-89803-172-0 a171.7 aTom G. Palmer aWhy liberty;byour life, your choices, your future bJameson Books,c2013 a143 p.c20cm